Sistemas de organización del conocimiento : (Record no. 191624)

MARC details
000 -LEADER
campo de control de longitud fija 01128cam a2200289 4500
001 - NÚMERO DE CONTROL
campo de control 191624
003 - IDENTIFICADOR DE NÚMERO DE CONTROL
campo de control SpMaBN
005 - FECHA Y HORA DE LA ÚLTIMA TRANSACCIÓN
campo de control 20250805044205.0
008 - DATOS DE LONGITUD FIJA--INFORMACIÓN GENERAL
campo de control de longitud fija 221005s1996 sp | o||| ||spa
016 7# - NÚMERO DE CONTROL DE UNA AGENCIA BIBLIOGRÁFICA NACIONAL
Número de control del registro bimoBNE19971539918 [
Fuente SpMaBN]
017 ## - NÚMERO DE COPYRIGHT O DE DEPÓSITO LEGAL
Número de copyright o de depósito legal M 45484-1996
Agencia que asigna Oficina Depósito Legal Madrid
020 ## - NÚMERO INTERNACIONAL ESTÁNDAR DEL LIBRO
Número Internacional Estándar del Libro 84-340-0886-6
024 7# - IDENTIFICADOR DE OTROS ESTÁNDARES
Número estándar o código NIPO 007-96-058-X
Fuente del número o código nipo
035 ## - NÚMERO DE CONTROL DEL SISTEMA
Número de control de sistema (OCoLC)36706389
040 ## - FUENTE DE CATALOGACIÓN
Centro catalogador/agencia de origen SpMaBN
Lengua de catalogación spa
Centro/agencia transcriptor SpMaBN
Normas de descripción rdc
080 ## - NÚMERO DE LA CLASIFICACIÓN DECIMAL UNIVERSAL
Número de la Clasificación Decimal Universal 025.4(460)
100 1# - ENTRADA PRINCIPAL--NOMBRE DE PERSONA
Nombre de persona San Segundo Manuel, Rosa
9 (RLIN) 175278
245 10 - MENCIÓN DEL TÍTULO
Título Sistemas de organización del conocimiento :
Resto del título la organización del conocimiento en las bibliotecas españolas /
Mención de responsabilidad, etc. Rosa San Segundo Manuel.
260 ## - PUBLICACIÓN, DISTRIBUCIÓN, ETC.
Lugar de publicación, distribución, etc. [Getafe] :
Nombre del editor, distribuidor, etc. Universidad Carlos III ;
Lugar de publicación, distribución, etc. Madrid :
Nombre del editor, distribuidor, etc. Boletín Oficial del Estado,
Fecha de publicación, distribución, etc. 1996.
300 ## - DESCRIPCIÓN FÍSICA
Extensión 317 p. ;
Dimensiones 24 cm.
490 1# - MENCIÓN DE SERIE
Mención de serie Colección Monografías ;
Designación de volumen o secuencia 15
650 #7 - PUNTO DE ACCESO ADICIONAL DE MATERIA--TÉRMINO DE MATERIA
Término de materia o nombre geográfico como elemento de entrada Clasificación bibliográfica.
9 (RLIN) 146083
830 #0 - PUNTO DE ACCESO ADICIONAL DE SERIE-TÍTULO UNIFORME
Título uniforme Monografías (Universidad Carlos III de Madrid)
Designación de volumen o secuencia 15.
9 (RLIN) 226049
852 ## - LOCALIZACIÓN
Ubicación ES-MaACL
Número de control de estantería A-15035
itemnumber 198908
Sublocalización o colección R.134126
Ubicación en estantería Depósito 1
Signatura antigua Olim: 025.4 (460) SAN sis
942 ## - ELEMENTOS DE ENTRADA SECUNDARIOS (KOHA)
Fuente del sistema de clasificación o colocación Clasificación decimal universal
Holdings
Estatus retirado Estado de pérdida Fuente del sistema de clasificación o colocación Estado de daño No para préstamo Biblioteca de origen Biblioteca actual Ubicación en estantería Fecha de adquisición Fuente de adquisición Total de préstamos Signatura topográfica completa Código de barras Visto por última vez Precio de reemplazo Tipo de ítem Koha
    Clasificación decimal universal     Biblioteca del Ateneo de Madrid Biblioteca del Ateneo de Madrid Depósito 1 05/10/2022 Compra   A-15036 1204075 23/02/2023 23/02/2023 Libro impreso